000 00736cam a22002774a 4500
999 _c35532
_d35532
001 001646328
003 AR-BaBN
005 20260414090032.0
007 ta
008 251017s2025 ag gr 001 f spa
015 _aAR-2025
020 _a9786313011551
040 _aAR-BaBN
_bspa
_cAR-BaBN
_eaacr
044 _aag
_car-c
080 1 _a821.134.2(82) S121d
_22016
100 1 _aSacheri, Eduardo,
_d1967-
_e, autor
_4aut
245 1 0 _aDemasiado lejos /
_cEduardo Sacheri
260 _aBuenos Aires :
_bAlfaguara,
_c2025
300 _a426 p.
490 _a(Narrativa hispánica)
650 _aLITERATURA ARGENTINA
650 _aNOVELA
655 4 _aNovela
942 _2udc
_cBK
956 _aACARRIZO
_b20
_c20251017
_lBNA01
_h1044